00841nam a2200205 a 450000100100000000500170001000800410002704000250006808200150009310000270010824501100013526000910024530000210033650000680035750400330042570000380045804900090049695201130050599900170061800002211920200930011606.0100917s2001 dr 000 0 spa d aDO-SdBNPbspacBNPHU axxxbB324m1 aBastardo, Deysi94582310aManual de prevención de drogas para líderes comunitarios /cDeysi Bastardo, María del Carmen Genao. aSanto Domingo :bSecretaría de Estado de Salud Pública y Asistencia Social,c2001. a116 p. ;c24 cm. aIncluye datos biográficos de los autores en la contracubierta aBibliografías : p. 115-1161 aCarmen Genao, María, del945824 aBNPD 0010718PDaPDbPDcCTd2010-09-17iLF1l0oxxx B324mp22119-10r2020-06-25w2020-06-25yLFPDZNo se presta c21617d21617